000 00344nam a2200169Ia 4500
100 _aBoylestad/Robert L
650 _aEDC
250 _a11
942 _cBK
366 _f20
245 _aElectronic devices and circuit theory
260 _bPearson Education
_c2015
082 _bBOY
300 _a932
546 _aENGLISH
999 _c27754
_d27754